00503nam a2200169Ia 450000500170000000800410001702000130005808200130007110000140008424500390009826000480013730000120018565000180019794200060021595200970022199900150031820250529031935.0240331s9999 xx 000 0 und d a13919148 bPATa303 aPerera, S 0aPathitha :bsamaja vidya sameeksha aColombobSocial Scientist Associationc2003 a150 p., aSocial Survey cL 001040708LaWERCLbWERCLcSSCd2024-03-31l0o 303.6 PATp5551r2024-03-31w2024-03-31yL c1391d1391